000 00765nam a2200241 a 4500
001 000043380
005 20201002040849.0
008 090819s1989 dr 000 0 spa d
040 _aDO-SdBNP
_bspa
_cBNPHU
082 _a888.4
_bP718a
100 1 _aPlatón,
_d428?-348 A.C.
_915212
245 1 0 _aApología de Sócrates /
_cPlatón.
250 _aed. rev.
260 _aSanto Domingo :
_bAlfa y Omega,
_c1989.
300 _aXXXII, 91 p. ;
_c18 cm.
490 1 _aLiteratura universal
500 _aIncluye referencias biblográficas y notas al pie de las páginas
600 0 4 _aSOCRATES
_d470-399 a de J.C.
_915213
630 0 _aFEDÓN
_915214
650 4 _aLiteratura griega
_92386
650 4 _aFilosofía griega
_915215
830 0 _aLiteratura universal
_91125
999 _c42869
_d42869